Performing flea : (Record no. 20219)
[ view plain ]
| 000 -LEADER | |
|---|---|
| fixed length control field | 01164cam a22003011 4500 |
| 001 - CONTROL NUMBER | |
| control field | 20219 |
| 003 - CONTROL NUMBER IDENTIFIER | |
| rucl marc code | BD-RjUL |
| 005 - DATE AND TIME OF LATEST TRANSACTION | |
| control field | 20211209000533.0 |
| 008 - FIXED-LENGTH DATA ELEMENTS--GENERAL INFORMATION | |
| fixed length control field | 140227s1953 enkc 001 0aeng c |
| 035 ## - SYSTEM CONTROL NUMBER | |
| System control number | (BD-RjUL)20281 |
| System control number | (OCoLC)1231262 |
| 040 ## - CATALOGING SOURCE | |
| Original cataloging agency | Rochester. Univ. Libr. |
| Transcribing agency | MShM |
| Modifying agency | OCoLC |
| -- | Uk |
| -- | DLC |
| -- | BD-RjUL |
| Language of cataloging | eng |
| 041 ## - LANGUAGE CODE | |
| Language code of text/sound track or separate title | eng |
| 082 ## - DEWEY DECIMAL CLASSIFICATION NUMBER | |
| Classification number | 928.2 |
| Author mark and year | WOP 1953 |
| 100 1# - MAIN ENTRY--PERSONAL NAME | |
| Personal name | Wodehouse, P. G. |
| Fuller form of name | (Pelham Grenville), |
| Dates associated with a name | 1881-1975. |
| 9 (RLIN) | 59683 |
| 245 10 - TITLE STATEMENT | |
| Title | Performing flea : |
| Remainder of title | a self-portrait in letters / |
| Statement of responsibility, etc. | With an intro. and additional notes by W. Townsend. |
| 260 ## - PUBLICATION, DISTRIBUTION, ETC. (IMPRINT) | |
| Place of publication, distribution, etc. | London : |
| Name of publisher, distributor, etc. | H. Jenkins, |
| Date of publication, distribution, etc. | 1953. |
| 300 ## - PHYSICAL DESCRIPTION | |
| Pagination | 300 p. : |
| Illustrations | port. ; |
| Size | 18 cm. |
| 500 ## - GENERAL NOTE | |
| General note | Comprises a selection of the letters Wodehouse wrote to Townend over a period of more than thirty years. |
| 504 ## - BIBLIOGRAPHY, ETC. NOTE | |
| Bibliography, etc | Includes index. |
| 600 10 - SUBJECT ADDED ENTRY--PERSONAL NAME | |
| Personal name | Wodehouse, P. G. |
| Fuller form of name | (Pelham Grenville), |
| Dates associated with a name | 1881-1975 |
| General subdivision | Correspondence. |
| Personal name | Townend, W. |
| Fuller form of name | (William), |
| Dates associated with a name | 1881- |
| General subdivision | Correspondence. |
| 650 #0 - SUBJECT ADDED ENTRY--TOPICAL TERM | |
| Topical term or geographic name as entry element | Authors, English |
| Chronological subdivision | 20th century |
| General subdivision | Correspondence. |
| 9 (RLIN) | 62319 |
| 700 1# - ADDED ENTRY--PERSONAL NAME | |
| Personal name | Townend, W. |
| Fuller form of name | (William), |
| Dates associated with a name | 1881- |
| 942 ## - ADDED ENTRY ELEMENTS (KOHA) | |
| Source of classification or shelving scheme | Dewey Decimal Classification |
| Koha item type | Books |
| Lost status | Source of classification or shelving scheme | Damaged status | Not for loan | Collection code | Permanent Location | Current Location | Shelving location | Date acquired | Source of acquisition | Cost, normal purchase price | Total Checkouts | Full call number | Date last seen | Copy number | Koha item type |
|---|---|---|---|---|---|---|---|---|---|---|---|---|---|---|---|
| Dewey Decimal Classification | Not For Loan | Fiction | Central Library, University of Rajshahi | Central Library, University of Rajshahi | Reading Room | 06/04/1964 | Zetlinger | 2.60 | 928.2 WOP 1953 | 27/02/2014 | C-1 | Books |